মুক্তিযুদ্ধে ঢাকা ১৯৭১ : Muktijuddhe Dhaka 1971 :: (Record no. 17634)

MARC details
000 -LEADER
fixed length control field 01594nam a22002537a 4500
003 - CONTROL NUMBER IDENTIFIER
control field BDDh-ASL
005 - DATE AND TIME OF LATEST TRANSACTION
control field 20231015025617.0
008 - FIXED-LENGTH DATA ELEMENTS--GENERAL INFORMATION
fixed length control field 170618s2010 bg ab||| |||| 001 0 eng
020 ## - INTERNATIONAL STANDARD BOOK NUMBER
International Standard Book Number 9789843315564
037 ## - SOURCE OF ACQUISITION
Source of stock number/acquisition Asiatic Society of Bangladesh publication
Terms of availability tk 500
040 ## - CATALOGING SOURCE
Original cataloging agency BDDh-ASL
Transcribing agency BDDh-ASL
082 ## - DEWEY DECIMAL CLASSIFICATION NUMBER
Classification number 954.922
Item number MUK
245 00 - TITLE STATEMENT
Title মুক্তিযুদ্ধে ঢাকা ১৯৭১ : Muktijuddhe Dhaka 1971 ::
Remainder of title Celebration of 400 Years of Capital Dhaka 1608-2008, Vol.-7 /
Statement of responsibility, etc. সম্পাদক, মোহীত উল আলম, আবু মোঃ দেলোয়ার হোসেন; প্রধান সম্পাদক, শরীফ উদ্দিন আহমেদ
260 ## - PUBLICATION, DISTRIBUTION, ETC.
Place of publication, distribution, etc. ঢাকা:
Name of publisher, distributor, etc. বাংলাদেশ এশিয়াটিক সোসাইটি,
Date of publication, distribution, etc. ২০১০.
300 ## - PHYSICAL DESCRIPTION
Extent ৩৬৮ পৃ.:
Other physical details ছবি, ম্যাপ;
Dimensions ২২ সে.মি.
440 ## - SERIES STATEMENT/ADDED ENTRY--TITLE
Title Asiatic Society of Bangladesh publication;
Volume/sequential designation no. 114
9 (RLIN) 312
490 ## - SERIES STATEMENT
Series statement Celebration of 400 Years of Capital Dhaka 1608-2008;
Volume/sequential designation v-7
505 ## - FORMATTED CONTENTS NOTE
Formatted contents note গ্রন্থপঞ্জিগত নির্দেশিকা এবং নির্ঘন্ট সংযুক্ত
650 ## - SUBJECT ADDED ENTRY--TOPICAL TERM
Topical term or geographic name entry element Dhaka Study
General subdivision Liberation War
-- History
Geographic subdivision Bangladesh
9 (RLIN) 460
700 ## - ADDED ENTRY--PERSONAL NAME
Relationship সম্পাদক
Personal name আলম, মোহীত উল
9 (RLIN) 461
700 ## - ADDED ENTRY--PERSONAL NAME
Relationship সম্পাদক
Personal name হোসেন, আবু মোঃ দেলোয়ার
9 (RLIN) 462
700 1# - ADDED ENTRY--PERSONAL NAME
Relationship প্রধান সম্পাদক
Personal name আহমেদ, শরীফ উদ্দিন
9 (RLIN) 463
942 ## - ADDED ENTRY ELEMENTS (KOHA)
Source of classification or shelving scheme Dewey Decimal Classification
Koha item type Books
Holdings
Withdrawn status Lost status Source of classification or shelving scheme Damaged status Not for loan Collection code Home library Current library Shelving location Date acquired Source of acquisition Serial Enumeration / chronology Total Checkouts Full call number Barcode Date last seen Copy number Price effective from Koha item type Public note
    Dewey Decimal Classification     Non-fiction Asiatic Society Library Asiatic Society Library General Stacks 06/18/2017 ASB Publications ASP-115   954.922 MUK 100618 06/18/2017 C-1 06/18/2017 Books V-7
    Dewey Decimal Classification     Non-fiction Asiatic Society Library Asiatic Society Library General Stacks 06/18/2017 ASB Publications ASP-115   954.922 MUK 100619 06/18/2017 C-2 06/18/2017 Books V-7
    Dewey Decimal Classification     Non-fiction Asiatic Society Library Asiatic Society Library General Stacks 06/18/2017 ASB Publications ASP-115   954.922 MUK 100620 06/18/2017 C-3 06/18/2017 Books V-7
    Dewey Decimal Classification     Non-fiction Asiatic Society Library Asiatic Society Library General Stacks 11/27/2021 ASB Publications ASP-115   954.922 MUK 115655 11/27/2021 C-4 11/27/2021 Books V-7
    Dewey Decimal Classification     Non-fiction Asiatic Society Library Asiatic Society Library General Stacks 11/27/2021 ASB Publications ASP-115   954.922 MUK 115656 11/27/2021 C-5 11/27/2021 Books V-7

Powered by Koha